000 00254nam a2200109Ia 4500
008 200302s9999 xx 000 0 und d
100 _aAuthor
245 _aQuinlanterry Selected Works
260 _bAcademy Group Ltd.
260 _c1993
300 _a143 P.,
999 _c2441
_d2441